Organization design for primary health care : the case of the Dr. Martin Luther King, Jr. Health Center /

Bibliographic Details
Main Author: Tichy, Noel M.
Format: Book
Language:English
Published: New York : Praeger, 1977.
Series:Praeger special studies in U.S. economic, social, and political issues.
Subjects:

MARC

Tag First Indicator Second Indicator Subfields
LEADER 00000cam a2200000 i 4500
001 in00000067107
005 20151008051312.0
008 770819s1977 nyua b 00110 eng
010 |a  75044941  
020 |a 0275230309 
035 |a (OCoLC)03275974 
035 |9 AAG7062AM 
040 |a DLC  |c DLC  |d NOH  |d TXA  |d UtOrBLW 
049 |a TXAM  |c [1497440] 
050 0 0 |a RA982.N5  |b M577 
060 0 |a W 84.6 T555o 1977 
082 0 |a 362.1/2/09747275 
100 1 |a Tichy, Noel M. 
245 1 0 |a Organization design for primary health care :  |b the case of the Dr. Martin Luther King, Jr. Health Center /  |c Noel M. Tichy ; foreword by Amitai Etzioni. 
264 1 |a New York :  |b Praeger,  |c 1977. 
300 |a xvi, 230 pages :  |b illustrations ;  |c 24 cm. 
336 |a text  |b txt  |2 rdacontent 
337 |a unmediated  |b n  |2 rdamedia 
338 |a volume  |b nc  |2 rdacarrier 
490 1 |a Praeger special studies in U.S. economic, social, and political issues 
500 |a Includes indexes. 
504 |a Bibliography: pages 218-225. 
610 2 0 |a Martin Luther King, Jr. Health Center. 
650 0 |a Community health services  |x Administration. 
650 2 |a Primary Health Care  |x organization & administration. 
830 0 |a Praeger special studies in U.S. economic, social, and political issues. 
999 |a MARS 
999 f f |s e41f07e6-2be6-3b31-a302-8da968fd26d1  |i 312fed6a-7b0d-3af8-b6f8-074ba830ac0d  |t 0 
952 f f |p ric  |a Texas A&M University  |b Rellis Campus  |c Joint Library Facility  |d Remote Storage  |t 0  |e RA982.N5 M577  |h Library of Congress classification  |i unmediated -- volume  |m A14805080531 
998 f f |a RA982.N5 M577  |t 0  |l Remote Storage